ბათუმის შოთა რუსთაველის სახელმწიფო უნივერსიტეტის ბიბლიოთეკა

The Literature Student's Survival Kit: (ბიბ.ჩანაწერი № 61354)

000 -LEADER
fixed length control field 00612nam a22001817a 4500
005 - DATE AND TIME OF LATEST TRANSACTION
control field 20240222123223.0
008 - FIXED-LENGTH DATA ELEMENTS--GENERAL INFORMATION
fixed length control field 240222s2006 enk||||| |||| 00| 0 eng d
020 ## - INTERNATIONAL STANDARD BOOK NUMBER
International Standard Book Number 9781405122849x
041 ## - LANGUAGE CODE
Language code of text/sound track or separate title eng
080 ## - UNIVERSAL DECIMAL CLASSIFICATION NUMBER
Universal Decimal Classification number 821.111.1 L-81
100 ## - MAIN ENTRY--PERSONAL NAME
Personal name Littlewood, Ian
9 (RLIN) 21268
245 ## - TITLE STATEMENT
Title The Literature Student's Survival Kit:
Remainder of title What Every Reader Needs to Know /
Statement of responsibility, etc. Ian Littlewood.
264 ## - PRODUCTION, PUBLICATION, DISTRIBUTION, MANUFACTURE, AND COPYRIGHT NOTICE
Place of production, publication, distribution, manufacture Malden :
Name of producer, publisher, distributor, manufacturer Blackwell,
Date of production, publication, distribution, manufacture, or copyright notice 2006.
300 ## - PHYSICAL DESCRIPTION
Extent 298 p.;
Other physical details ill.
Dimensions 23 cm.
521 ## - TARGET AUDIENCE NOTE
Target audience note ნაჩუქარი
653 ## - INDEX TERM--UNCONTROLLED
keyword ლიტერატურა სტუდენტებისათვის
942 ## - ADDED ENTRY ELEMENTS (KOHA)
Source of classification or shelving scheme
Koha item type წიგნი
ეგზემპლარები
Withdrawn status Lost status Source of classification or shelving scheme Damaged status Not for loan Permanent Location Current Location Shelving location Date acquired Cost, normal purchase price Full call number Barcode Date last seen Copy number Price effective from Koha item type Public note
          ბათუმის შოთა რუსთაველის სახელმწიფო უნივერსიტეტის მთავარი ბიბლიოთეკა ბათუმის შოთა რუსთაველის სახელმწიფო უნივერსიტეტის მთავარი ბიბლიოთეკა წიგნსაცავი 2024-02-22 8.00 821.111.1 L-81 67585 2024-02-22 67585 2024-02-22 წიგნი 8 ლ.